000 00890nam a2200229Ia 4500
001 17272
005 20260330150421.0
008 260306t2012||||xx |||||||||||||| ||und||
041 _aESP
082 _a657.46
_bV32
100 _aVargas restrepo, Carlos Mario
_eAUT
245 0 _aContabilidad tributaria
260 _c2012
300 _a245 páginas :
_c24 cm.
650 _aGEN
654 _aCCO
856 _uhttps://itmsp.museknowledge.com/UCSP?url=https://www.ebooks7-24.com:443/?il=5057&pg=1
_zVersión digital (2017)
856 _uhttps://0u213up3p-y-https-ebooks7--24-com.itmsp.museknowledge.com/biblioteca.aspx
_zVéase además: Base de datos Ebook7-24
856 _uhttps://www.legismovil.pe/LNP.asp
_zVéase además: Base de datos LegisMóvil
856 _uhttps://legal.legis.com.pe/home/Corporativo
_zVéase además: Base de datos Multilegis
942 _cLIB
_dJUS
_fJUS
_2ddc
999 _c17272
_d17272